[Event "Tata Steel-B 80th"]
[Site "Wijk aan Zee"]
[Date "2018.01.27"]
[Round "12"]
[White "Girya, Olga"]
[Black "Vidit, Santosh Gujrathi"]
[Result "0-1"]
[WhiteElo "2489"]
[BlackElo "2718"]
[Annotator "Fernandez,D"]
[PlyCount "52"]
[EventDate "2018.01.13"]
[EventType "tourn"]
[EventRounds "13"]
[EventCountry "NED"]
[EventCategory "15"]
[SourceTitle "CBM 183"]
[Source "ChessBase"]
[SourceDate "2018.03.14"]
[SourceVersion "1"]
[SourceVersionDate "2018.03.14"]
[SourceQuality "1"]
[TimeControl "40/6000+30:20/3000+30:900+30"]

1. d4 {[%emt 0:00:00]} f5 {[%emt 0:00:31]} 2. g3 {[%emt 0:02:48]} Nf6 {[%emt 0:
00:13]} 3. Bg2 {[%emt 0:00:05]} g6 {[%emt 0:00:16]} 4. Nd2 {[%emt 0:09:42] A
slightly rare line and maybe one which indicates a degree of fear. White is
trying to get e4 in and swap pieces quickly. Normal are c4 or Nf3:} (4. Nf3 Bg7
5. O-O O-O 6. c4 d6 7. Nc3 {is the main position of the Leningrad Dutch and
now Black chooses between ..c6, ...Nc6 and ...Qe8.}) (4. Nh3 $5 Bg7 5. Nf4 {
is a creative path chosen a few times by Kamsky when forced to play against
his own system!}) 4... Bg7 {[%emt 0:13:20]} 5. e4 {[%emt 0:01:25]} fxe4 {
[%emt 0:00:16]} 6. Nxe4 {[%emt 0:00:36]} Nxe4 {[%emt 0:00:11]} 7. Bxe4 {
[%emt 0:00:04]} d5 {[%emt 0:00:12]} (7... O-O 8. Ne2 e5 $5 9. dxe5 Nc6 10. f4
d6 {is a more adventurous way for Black to play, probably getting dynamic
equality}) 8. Bg2 {[%emt 0:13:23]} Nc6 {[%emt 0:00:25]} 9. Ne2 {[%emt 0:08:35]}
(9. c3 e5 10. Be3 exd4 11. cxd4 O-O 12. Ne2 Bg4 {was already really
comfortable for Black in Arkell,K -Pruijssers,R chess.com INT 2017} 13. Qb3
Bxe2 14. Qxd5+ Kh8 15. Qxd8 Raxd8 16. Bxc6 Ba6 17. Be4 Bxd4 18. Bxd4+ Rxd4 19.
f3 Rfd8 20. Kf2 Rd2+ 21. Ke3 Rxb2 22. h4 Re2+ 23. Kf4 Rf8+ 24. Kg4 b6 25. h5
gxh5+ 26. Kxh5 Rg8 27. g4 Bc8 28. g5 Bd7 29. Rad1 Be6 30. Kh6 Rxe4 31. fxe4 Bg4
{0-1 (31) Arkell,K (2438)-Pruijssers,R (2502) chess.com INT 2017}) 9... Bg4 {
[%emt 0:07:07]} (9... e5 $5 {is a bit sharper, and makes White commit to a
central structure change of some kind, otherwise we just end up with the
previous note.} 10. dxe5 (10. O-O exd4 11. Nf4 O-O 12. Bxd5+ Kh8 $132) 10...
Nxe5 11. Qxd5 Qxd5 12. Bxd5 c6 13. Be4 Bg4 (13... O-O $5 $44) 14. h3 Bf3 $6 {
Now in my personal experience with this line- from the White side- I was able
to slowly neutralise the compensation and go on to win:} 15. Bxf3 Nxf3+ 16. Kf1
O-O 17. Kg2 Rae8 18. Be3 $14 {Fernandez,D-Sanders,I London 2016}) 10. f3 $6 {
[%emt 0:02:50] Blunting the bishop cannot be clever and now White has no
chance of an opening edge.} (10. c3 $1 e5 (10... O-O 11. h3 {is not really
independent, because now the bishop on g4 needs to think of something to do
other than take the knight.}) 11. h3 Bxe2 12. Qxe2 O-O 13. Qb5 {Reaching a
position which has been played twice from the White side by Croatian
grandmaster Nenad Sulava.} exd4 14. Qxd5+ Kh8 15. O-O Qxd5 $1 (15... dxc3 $6
16. bxc3 (16. Qxd8 Raxd8 17. bxc3 Bxc3 18. Rb1 $14) 16... Qxd5 17. Bxd5 Nb4 18.
Bg2 $14 {Sulava,N-Vallejo Pons,F Toscolano 1997, White even managed to win in
7 further moves here.}) 16. Bxd5 Rad8 17. Bg2 (17. Bxc6 bxc6 18. cxd4 Bxd4 $11
{Sulava,N-Santo Roman,M Saint Affrique 1998}) 17... Rf7 $5 {Black doesn't take
the pawn yet, and just improves. It is not clear to me whether White has some
way to continue pressing.}) 10... Bf5 $146 {[%emt 0:01:06]} (10... Be6 11. c3
Qd7 12. O-O Bh3 13. Bxh3 Qxh3 14. Nf4 Qd7 15. Re1 Nd8 16. Qe2 Bf6 17. Nd3 O-O
18. Nc5 Qh3 19. Bf4 c6 20. Bc7 b6 21. Nd3 Nf7 22. g4 Ng5 23. Rf1 Rf7 24. Bg3
Raf8 25. Nf2 Qh6 26. Kg2 Bh8 27. f4 Rxf4 28. Bxf4 Rxf4 29. Qxe7 Bg7 30. Rad1
Bf8 31. Qe8 Nf3 32. Qe6+ Kh8 33. Nh3 Qxh3+ 34. Kxh3 Ng5+ 35. Kg3 Nxe6 36. Rxf4
Bd6 37. Re1 Nxf4 38. Re8+ Kg7 39. Rd8 Ne2+ 40. Kf3 {Gerusel,M-Henningsen,J
Voelklingen 1970 1-0}) 11. O-O {[%emt 0:16:20]} Qd6 {[%emt 0:23:19]} 12. c3 {
[%emt 0:08:33]} (12. Bf4 Qb4 {was presumably what White was afraid of, but the
machine informs us that the pawn sacrifices are fully playable for White.} 13.
c3 Qxb2 14. g4 Bd7 15. Rb1 Qxa2 16. Rxb7 $132) 12... e5 $6 {[%emt 0:03:13]} (
12... O-O-O {first was a more stable order.}) 13. Be3 {[%emt 0:03:26] Not
leading to a disadvantage, but not particularly incisive either.} (13. dxe5
Nxe5 14. Nd4 O-O-O {Else f4 and Re1 motifs come into play.} 15. Nxf5 gxf5 16.
Qc2 $14) 13... O-O-O {[%emt 0:03:34]} 14. Qd2 {[%emt 0:06:31]} h5 {[%emt 0:04:
41]} 15. Rae1 $6 {[%emt 0:05:03]} (15. Bg5 {was worth considering, but if
Black had wished to emulate the play of his countryman, then in addition to
normal moves leading to a slightly more pleasant position (...Bf6, etc) there
was also the violent} h4 $5 $44) 15... h4 {[%emt 0:01:47]} 16. g4 {[%emt 0:01:
01]} h3 $1 {[%emt 0:00:13] Else White consolidates by playing h3 herself.} 17.
Bh1 {[%emt 0:00:04]} Bd7 {[%emt 0:01:02]} 18. Rd1 {[%emt 0:08:41]} Rde8 {
[%emt 0:12:58]} 19. dxe5 $2 {[%emt 0:04:57]} (19. Rfe1 {still asks the
question of how Black is going to try and break in, although the obvious
choices like} Rhf8 $17 {still leave Black quite obviously better}) 19... Qxe5 {
[%emt 0:05:42]} 20. Bd4 {[%emt 0:00:05]} Nxd4 {[%emt 0:00:15]} 21. Nxd4 {
[%emt 0:00:03]} Bxg4 $2 {[%emt 0:08:19] Maybe marring the victory a bit.} (
21... Qd6 $19 {or similar left White with essentially no moves}) 22. Rde1 {
[%emt 0:10:45]} (22. fxg4 Bh6 $19) (22. Rfe1 $1 {was the better rook move,
leaving White's king a flight square.} Qh5 23. Rxe8+ Rxe8 24. fxg4 Qxg4+ 25.
Kf2 (25. Kf1 Rf8+ 26. Nf3 Rxf3+ 27. Bxf3 Qxf3+ 28. Ke1 Bf6 $15 {Black is
better, with his adequate number of pawns for the exchange plus continuing
attack, but he has to win again.}) 25... Bh6 26. Qxh6 Qxd1 27. Qxh3+ Kb8 28.
Bf3 {Here White seems to be surviving with some machine precision, though in a
game you would still take Black.}) 22... Qh5 {[%emt 0:00:46]} 23. Rxe8+ {
[%emt 0:01:24]} Rxe8 {[%emt 0:00:02]} 24. fxg4 {[%emt 0:01:40]} Qxg4+ {[%emt 0:
00:08]} 25. Kf2 {[%emt 0:00:17]} Qh4+ {[%emt 0:01:08]} 26. Kg1 {[%emt 0:00:55]}
({After} 26. Kf3 Bh6 {also wins trivially}) 26... Bh6 {[%emt 0:00:14] Not a
completely flawless game by Black (moves 9, 12 and 21) but a very nice finish
nevertheless. Meanwhile, both sides- and most Dutch players for that matter -
should probably pay a bit more attention to this sideline.} 0-1

[Event "EU-ch 4th"]
[Site "Istanbul"]
[Date "2003.05.31"]
[Round "2"]
[White "Nikolic, Predrag"]
[Black "Vokarev, Sergey"]
[Result "1-0"]
[WhiteElo "2643"]
[BlackElo "2498"]
[Annotator "Finkel,A"]
[PlyCount "93"]
[EventDate "2003.05.30"]
[EventType "swiss"]
[EventRounds "13"]
[EventCountry "TUR"]
[SourceTitle "CBM 096"]
[Source "ChessBase"]
[SourceDate "2003.09.25"]
[SourceVersion "1"]
[SourceVersionDate "2003.09.25"]
[SourceQuality "1"]

1. d4 Nf6 2. Nf3 g6 3. g3 Bg7 4. Bg2 d5 5. O-O O-O 6. Nbd2 Ne4 7. c3 f5 (7...
Nd6 8. Ne5 c6 9. e4 dxe4 10. Nxe4 Nxe4 11. Bxe4 Be6 12. Re1 Nd7 13. Nd3 Bd5 $11
{Lazovic,G-Draganic,S/Zagreb 1999}) 8. Nxe4 (8. Ne5 Nd7 9. Ndf3 c5 10. Bf4 e6
11. Nxd7 Qxd7 12. Ne5 Qb5 13. f3 $14 {Stehlik,J-Skaloud,D/CZE 1995}) (8. e3 Nd7
9. c4 c6 10. cxd5 cxd5 11. b3 Ndf6 12. Bb2 Bd7 13. Nxe4 Nxe4 14. Ne5 Rc8 $11 {
Moscoso,J-Alarcon,W/Arequipa 2002}) 8... fxe4 9. Ng5 c6 (9... e5 $6 10. dxe5
Bxe5 11. Qb3 Kh8 12. c4 c6 13. cxd5 cxd5 14. Rd1 Qf6 15. Qxd5 $18) 10. f3 exf3
(10... h6 11. Nh3 exf3 12. exf3 Qb6 13. Kh1 Kh7 14. Re1 $14) 11. Rxf3 Rf6 12.
Qb3 {[%cal Ge2e4] Threatening to push e4.} h6 13. Nh3 Qb6 ({May be it was
better to take on f3 right away forcing white to take back with the pawn.} 
13... Rxf3 14. exf3 Nd7 15. Nf4 Nf8 16. Nd3 Bf5 17. Bf1 Qb6 $13) 14. Nf2 Rxf3 (
14... Nd7 15. e4 (15. Rxf6 Nxf6 16. e4 Qxb3 17. axb3 dxe4 18. Nxe4 Nxe4 19.
Bxe4 Bf5 $11) 15... Qxb3 16. axb3 Rxf3 17. Bxf3 dxe4 18. Bxe4 e5 $1 $11) 15.
Bxf3 Qxb3 (15... e5 16. dxe5 Nd7 $11) 16. axb3 Be6 $2 {This careless move is a
sourse of black's problems. After correct} (16... Nd7 {the position would have
remained balanced.}) 17. e4 dxe4 18. Bxe4 g5 19. b4 Bc4 $6 {Playing into
white's hands.} (19... Nd7 20. b5 Bd5 21. bxc6 bxc6 22. Ra6 $14) 20. Ng4 Nd7
21. Ne3 Be2 (21... Nb6 22. Nxc4 Nxc4 23. d5 Nd6 24. Bg2 cxd5 25. Bxd5+ Kh7 26.
Be3 $16) 22. Kf2 Bb5 23. c4 Ba6 24. Bxc6 bxc6 25. Rxa6 Nb8 26. Ra3 Bxd4 27. Ke2
Bf6 (27... Nd7 28. Nf5 $16) 28. Ng4 Bg7 29. b3 $1 Nd7 30. Ra6 Nb8 31. Ra5 Nd7
32. Be3 a6 33. b5 cxb5 34. cxb5 Nb8 35. Nf2 Bc3 36. Ra4 Be5 (36... a5 37. Ne4
Bb4 38. Bc5 Bxc5 39. Nxc5 $18 {[%csl Ra8,Rb8]}) 37. Nd3 $18 Bd6 38. Nb2 a5 39.
Nc4 Bb4 40. Nb6 Ra7 41. Nd5 Rb7 42. Nxb4 axb4 43. b6 Nc6 44. Ra7 Rb8 45. Rc7
Na5 46. Rxe7 Nxb3 47. Ra7 {[%csl Rb3]} 1-0

[Event "ESP-chB"]
[Site "Ayamonte"]
[Date "2002.10.05"]
[Round "2"]
[White "Gual Pascual, Antonio"]
[Black "Herraiz Hidalgo, Herminio"]
[Result "0-1"]
[WhiteElo "2450"]
[BlackElo "2458"]
[Annotator "Finkel,A"]
[PlyCount "60"]
[EventDate "2002.10.04"]
[EventType "tourn"]
[EventRounds "5"]
[EventCountry "ESP"]
[EventCategory "11"]
[SourceTitle "CBM 092"]
[Source "ChessBase"]
[SourceDate "2003.02.06"]
[SourceVersion "1"]
[SourceVersionDate "2003.02.06"]
[SourceQuality "1"]

1. d4 f5 2. g3 Nf6 3. Bg2 g6 4. c3 $5 {Quite rare opening variation which
doesn't promise white nothing special.} Bg7 5. Qb3 Nc6 6. Nh3 e6 7. Nf4 (7. Nd2
Qe7 8. e4 fxe4 9. Nxe4 Nxe4 10. Bxe4 b6 11. O-O Bb7 12. Bg5 Bf6 13. Bxf6 Qxf6
14. Rae1 O-O-O $132 {Flear,G-Kristensen,B/Geneve 1991}) 7... Qe7 (7... O-O 8.
h4 Qe8 (8... d5 9. h5 Qe8 10. hxg6 hxg6 11. Nd2 Ne4 12. Nf3 Na5 13. Qc2 c5 14.
Ne5 $14 {Szabolcsi,J-Boulard,E/Paris 2000}) 9. h5 g5 10. h6 Bh8 11. Nd3 Ne4 12.
g4 d5 13. gxf5 Na5 14. Qb4 Nc6 15. Qb3 Na5 16. Qc2 exf5 17. Rg1 Bf6 $15 {
Varga,Z-Malaniuk,V/Budapest 1989}) 8. O-O (8. Nd2 g5 (8... e5 9. dxe5 Nxe5 10.
O-O c6 11. Nf3 d6 12. Rd1 Ne4 13. Nxe5 dxe5 14. Bxe4 fxe4 15. Ng2 Be6 16. Qa4
$14 {Kiriakov,P-Rustemov,A/Orel 1997}) 9. Nd3 d5 10. Nf1 Ne4 11. f3 $13 {
Bjeloruseps,M-Feiler,J/Germany 1998}) 8... d6 (8... O-O $5) 9. Nxe6 (9. d5 $5
exd5 10. Nxd5 Nxd5 11. Bxd5 Ne5 12. Bxb7 Bxb7 13. Qxb7 O-O 14. Nd2 f4 15. Nf3
$14 {Vukelic,T-Zelic,M/Pula 2000}) 9... Qxe6 10. d5 Nxd5 11. Bxd5 Qe7 12. e4 $1
{White has to act fast otherwise black will just play Ne5, c6, d5 followed by
0-0.} fxe4 13. Nd2 Ne5 14. Bxb7 {Accepting the challenge.} (14. Nxe4 c6 15. Bg5
Nf3+ $19) (14. Bxe4 c6 15. f4 Be6 16. Qa3 Nd7 17. Bg2 d5 18. Qxe7+ Kxe7 19. Re1
Rhe8 $11) 14... Rb8 15. Qa4+ Bd7 16. Qxa7 Rxb7 17. Qa8+ $6 {It was better to
wait one move with this check.} (17. Qxb7 Bc6 18. Qb8+ Kd7 19. Qb3 $14 {
not letting black queen to come to h3.}) 17... Qd8 18. Qxb7 Bc6 19. Qb3 Qd7 {
[%cal Gd7h3]} 20. f4 (20. Re1 Qh3 21. Re2 Kd7 $36 {[%cal Ge5f3]}) 20... exf3
21. Rf2 (21. Nc4 Qh3 22. Ne3 Rf8 23. Qc2 f2+ 24. Rxf2 Rxf2 25. Qxf2 Nf3+ $19)
21... Qe7 22. Nf1 Ng4 23. Be3 Nxf2 24. Kxf2 Kd7 $15 25. Qc4 $5 (25. Re1) 25...
Rb8 26. b4 (26. b3) 26... Qe6 27. Qxe6+ Kxe6 28. Bd2 $2 {Blundering a pawn.
After correct} (28. a4 $1 {draw seems to be the most likely result.} Rxb4 29.
cxb4 Bxa1 30. b5 Be4 (30... Bd5 $6 31. Nd2 Bc3 32. Nxf3 Bb3 33. Bd2 Bxd2 34.
Nd4+ $1 Kd5 35. Nxb3 Bc3 36. a5 Kc4 37. b6 $1 {[%cal Ga5a8]} cxb6 38. a6 $18)
31. Nd2 Bc2 32. a5 Ba4 33. b6 cxb6 34. Bxb6 $13) (28. a3 $13) 28... Rxb4 29.
cxb4 Bxa1 30. h3 Ke5 $19 0-1

[Event "GER-ch 74th"]
[Site "Saarbruecken"]
[Date "2002.11.22"]
[Round "1"]
[White "Dautov, Rustem"]
[Black "Stewart, Neil"]
[Result "1-0"]
[WhiteElo "2617"]
[BlackElo "2388"]
[Annotator "Finkel,A"]
[PlyCount "83"]
[EventDate "2002.11.22"]
[EventType "swiss"]
[EventRounds "9"]
[EventCountry "GER"]
[SourceTitle "CBM 093"]
[Source "ChessBase"]
[SourceDate "2003.04.01"]
[SourceVersion "1"]
[SourceVersionDate "2003.04.01"]
[SourceQuality "1"]

1. d4 f5 2. g3 Nf6 3. Bg2 g6 4. Nf3 Bg7 5. b4 O-O 6. Bb2 d6 7. Nbd2 {Not very
popular set up, however it's not so easy for black to equalize.} Qe8 8. O-O Nc6
{More logical seems to develop a knight to d7.} (8... h6 9. c4 g5 10. d5 a5 11.
a3 axb4 12. axb4 Rxa1 13. Qxa1 Na6 14. Bc3 $14 {Schuurman,P-Sulyok,M/Graz 2002}
) (8... Nbd7 9. c4 e5 10. dxe5 dxe5 11. e4 $6 fxe4 12. Ne1 Nb6 13. Nc2 Na4 $15
{Meier,G-Dubkov,A/GER 2002}) 9. b5 Nd8 10. c4 e5 $6 {Opening up a position
isn't very good idea since white has a clear advantage in development.} (10...
Nf7 11. a4 (11. Qc2 a6 12. a4 c6 13. bxc6 bxc6 14. Ne1 Rb8 15. Nd3 Bd7 16. Rfb1
$14 {Belunek,V-Vokac,M/Opava 2000}) 11... Kh8 12. Re1 e5 13. dxe5 dxe5 14. e4
f4 15. c5 Nh5 $132 {Giddins,S-Reinderman,D/Antwerp 1998}) 11. dxe5 Ng4 (11...
Nd7 12. e4 f4 13. Rc1 Nxe5 14. Nxe5 Bxe5 15. Bxe5 Qxe5 16. Nf3 Qxe4 (16... Qe7)
17. Re1 Qf5 18. Qd5+ Kg7 19. Nd4 $36 {[%cal Gc4c5]}) 12. e4 f4 ({Too dangerous
was} 12... fxe4 $6 13. Nxe4 Nxe5 14. Nxe5 Bxe5 15. Bxe5 Qxe5 16. f4 Qf5 17. Rc1
Ne6 18. g4 Qf7 19. f5 $16 {and black is in troubles.}) 13. Rc1 fxg3 (13... Nxe5
14. Nxe5 Bxe5 15. Bxe5 Qxe5 16. Nf3 $36) 14. hxg3 Nxe5 15. Nxe5 Bxe5 16. Bxe5
Qxe5 17. Nb3 {[%cal Gf2f4,Gc4c5] White is ready to break in the center with c5.
} (17. Nf3 $5) 17... a6 18. a4 Be6 19. f4 Qb2 (19... Qg7 20. Nd4 (20. c5 $6
axb5 21. axb5 Ra3 $1 {[%csl Rg3]} 22. Nd4 dxc5 23. Nxe6 Nxe6 $13) 20... Bg4 21.
Qd2 Ne6 22. e5 $1 dxe5 23. Nxe6 Bxe6 24. Bxb7 Rad8 25. Qe3 Bh3 26. Rf2 $16) 20.
Nd4 Bg4 21. Rc2 $1 Bxd1 22. Rxb2 Bg4 (22... Bxa4 $2 23. Ra1 axb5 24. cxb5 c5
25. Ne2 $18 {[%csl Ra4][%cal Ga1a8]}) 23. b6 $5 {Creating black a weakness on
d6.} Rc8 (23... c6 24. Rd2 Nf7 25. Rc1 Rad8 26. Kf2 Rfe8 27. Nb3 $16 {[%cal
Gb3a5,Gc4c5]}) 24. Rc1 Bd7 25. a5 c5 26. Nb3 Bc6 27. Bh3 $1 {[%cal Gh3e6,Ge6d5]
} Rb8 28. Rd1 Nf7 29. Be6 Rbd8 30. Bd5 (30. Rbd2 $6 Ba4 31. Nxc5 Bxd1 32. Nxb7
Ba4 33. Nxd8 Rxd8 34. c5 Kg7 $13) 30... Bxd5 31. Rxd5 Rde8 32. e5 $18 {[%csl
Rc5]} dxe5 33. Nxc5 exf4 (33... Re7 34. Re2 Rc8 35. fxe5 $18) 34. Nd7 f3 35.
Nf6+ Kg7 36. Nxe8+ Rxe8 37. Rd7 Kf6 38. Rxb7 Ng5 39. Rd7 Nh3+ 40. Kf1 Rc8 41.
b7 Rxc4 42. Rd1 1-0

[Event "Bad Ragaz Accentus YM"]
[Site "Bad Ragaz"]
[Date "2016.04.08"]
[Round "3"]
[White "Studer, Noel"]
[Black "Vuilleumier, Alexandre"]
[Result "1-0"]
[WhiteElo "2438"]
[BlackElo "2370"]
[Annotator "Fischer,J"]
[PlyCount "75"]
[EventDate "2016.04.06"]
[EventType "tourn"]
[EventRounds "9"]
[EventCountry "SUI"]
[EventCategory "9"]
[SourceTitle "CBM 171 Extra"]
[Source "ChessBase"]
[SourceDate "2016.04.26"]
[SourceVersion "1"]
[SourceVersionDate "2016.04.26"]
[SourceQuality "1"]

1. d4 d6 2. g3 g6 3. Bg2 Bg7 4. Nf3 f5 5. d5 c6 6. c4 e5 7. e4 {[#]A new move
- and a principled one. White energetically fights for control of e4, a theme
that dominates the whole game.} Nf6 8. Nc3 cxd5 9. cxd5 O-O 10. O-O Na6 11. Ng5
Qe7 12. b3 Nc5 13. Be3 h6 14. b4 {White continues to play enterprising.} Ncxe4
15. Ngxe4 fxe4 16. Qd2 Bf5 ({After} 16... Ng4 17. Nxe4 Nxe3 18. Qxe3 {White is
slightly better - the bishop on g7 might worry Black.}) 17. Bxh6 Bxh6 18. Qxh6
Rac8 19. Rac1 Ng4 20. Qd2 Qh7 21. h4 e3 22. fxe3 Qh6 23. Nb5 {[#]} Qxe3+ $6 {
Now White gets the upper hand.} ({The engines indicate that it was time to
retreat and give the following inhuman line leading to dynamic equality:} 23...
Rxc1 24. Rxc1 Bd7 25. Nxd6 g5 26. e4 Qxd6 27. Qxg5+ Kh8 28. Qh5+ Nh6 29. Kh2)
24. Qxe3 Nxe3 25. Nxd6 $1 Rcd8 26. Nxf5 gxf5 27. Rfe1 {[#]} f4 ({After} 27...
Nxg2 {White has the "zwischenzug"} 28. Rxe5 {after which the black knight
cannot escape. White has a better if not already won endgame.}) 28. Bf3 Rd7 29.
gxf4 exf4 30. Kf2 {[#]White is a pawn up and in the open position the bishop
is much better than the knight.} Rfd8 (30... Nxd5 31. Red1 Rfd8 32. Bg4 Rd6 33.
Rc8 {emphasizes the superiority of the bishop.}) 31. Rg1+ Kf8 32. Rg5 Nxd5 33.
Rc4 Ke7 34. Re4+ Kf6 35. Rd4 Nc3 36. Rxf4+ Ke7 37. Rg7+ Kd6 38. Rd4+ {Black
resigned - he suffers heavy material losses.} 1-0

[Event "Olympiad-31"]
[Site "Moscow"]
[Date "1994.12.13"]
[Round "12.2"]
[White "Sokolov, Ivan"]
[Black "Malaniuk, Vladimir P"]
[Result "1-0"]
[WhiteElo "2625"]
[BlackElo "2610"]
[Annotator "Ftacnik,L"]
[PlyCount "71"]
[EventDate "1994.12.01"]
[EventType "team-swiss"]
[EventRounds "14"]
[EventCountry "RUS"]
[SourceTitle "CBM 045"]
[Source "ChessBase"]
[SourceDate "1995.04.01"]
[SourceVersion "1"]
[SourceVersionDate "1995.04.01"]
[SourceQuality "1"]
[WhiteTeam "Bosnia&Herzegovina"]
[BlackTeam "Ukraine"]
[WhiteTeamCountry "BIH"]
[BlackTeamCountry "UKR"]

1. d4 f5 2. g3 Nf6 3. Bg2 g6 4. c3 Bg7 5. Qb3 Nc6 6. Nf3 (6. Nh3 e6) 6... e6 7.
O-O O-O 8. Nbd2 a5 9. a4 d5 10. Qc2 b6 11. b3 Ne4 12. Ba3 Rf7 13. Rad1 Rd7 (
13... Ba6 14. c4 Nb4 $13) 14. b4 axb4 (14... Qe7 $5 15. e3 $1 axb4 16. cxb4
Nxb4 17. Bxb4 Qxb4 18. Qc6 Qxa4 $5 (18... Rxa4 19. Qxe6+ Kh8 20. Nxe4 dxe4 (
20... Rd8 21. Qc6 dxe4 22. Ne5 $40) 21. Ne5 Bxe5 22. dxe5 $18) 19. Qxe6+ Rf7
20. Qxd5 Nc3 21. Qc4 $1 Nxd1 22. Ng5 Qxc4 23. Nxc4 Ba6 $1 24. Bxa8 (24. Bd5 Nc3
25. Bxf7+ Kf8 26. Ra1 Bf6 27. Ne6+ Kxf7 28. Nxc7 Ne2+ 29. Kf1 Bxc4 30. Rxa8
Nxd4+) 24... Bxc4 25. Rxd1 Rd7 $15) 15. cxb4 Bb7 (15... Nxd4 16. Nxd4 Bxd4 17.
Qc6 $36) 16. e3 Qb8 17. b5 Nd8 18. Bb2 Nf7 19. Nxe4 dxe4 (19... fxe4 20. Ne5
Nxe5 21. dxe5 $14) 20. Ne5 Nxe5 21. dxe5 Qe8 22. Rxd7 Qxd7 23. Rd1 Qe7 (23...
Bd5 24. Bf1 {/\ Bc4}) 24. Bf1 Bd5 25. Bd4 $1 Rd8 (25... Bf8 26. Rc1 Ra7 27. a5
Rxa5 28. Qxc7 Qxc7 29. Rxc7 $16) 26. Ra1 g5 27. a5 bxa5 28. Rxa5 Ra8 29. Ra6 (
29. Rxa8+ Bxa8 30. b6 $1) 29... Bb7 30. Rxa8+ Bxa8 31. b6 cxb6 32. Qc8+ Qf8 33.
Qxe6+ Kh8 34. Qxb6 Bd5 35. e6 Bf6 (35... Bxd4 36. Qxd4+ $18) (35... h6 36.
Bxg7+ Qxg7 37. Qd8+) 36. e7 1-0

[Event "Vienna op"]
[Site "Vienna"]
[Date "1990.??.??"]
[Round "4"]
[White "Ftacnik, Lubomir"]
[Black "Videki, Sandor"]
[Result "1-0"]
[WhiteElo "2550"]
[BlackElo "2385"]
[Annotator "Ftacnik,L"]
[PlyCount "45"]
[EventDate "1990.10.??"]
[EventType "swiss"]
[EventRounds "9"]
[EventCountry "AUT"]
[SourceTitle "CBM 021"]
[Source "ChessBase"]
[SourceDate "1991.04.01"]
[SourceVersion "1"]
[SourceVersionDate "1991.04.01"]
[SourceQuality "1"]

1. d4 f5 2. g3 Nf6 3. Bg2 g6 (3... e6 4. c4 d5) 4. b3 $5 (4. Nf3 Bg7 5. O-O O-O
6. c4 d6) 4... Bg7 5. Bb2 O-O 6. Nd2 d5 $6 (6... d6 7. e4 fxe4 8. Nxe4 $14) 7.
Nh3 $1 Ne4 $6 (7... c6 8. Nf4 {xe6,e5}) (7... c5 8. dxc5 Qa5 $14) 8. f3 $1 Nxd2
9. Qxd2 c5 $2 (9... Nc6 10. Nf4 {/\h4,h5->}) 10. O-O-O $1 e6 (10... cxd4 11.
Bxd4 Bxd4 (11... e5 12. Bc5 Rf7 13. Qxd5) 12. Qxd4 e6 13. e4 Nc6 14. Qb2 d4 15.
exf5 exf5 16. f4 $16) (10... c4 11. e4 $16) 11. dxc5 Bxb2+ 12. Kxb2 Nd7 13. e4
dxe4 (13... Qf6+ 14. Kb1 Nxc5 (14... fxe4 15. fxe4 dxe4 16. Ng5 Nxc5 17. Rhf1
$16) 15. exd5 Rd8 16. Qd4 Qxd4 17. Rxd4 Rxd5 18. Rxd5 exd5 19. Rd1 $16) 14.
fxe4 Qf6+ 15. Kb1 (15. Qc3 Qxc3+ (15... Nxc5 16. e5 Qe7 17. Rd6 $16) 16. Kxc3
Nxc5 17. e5 $16) 15... Nxc5 16. exf5 (16. Qe3 Qe5 $1) 16... exf5 (16... Qxf5
17. Rhf1) (16... gxf5 17. Qe3 Qe7 (17... Na6 18. Rd6 Nb4 19. Qc5 (19. a3 $2
Qa1+ $3 20. Kxa1 Nxc2+ 21. Kb2 Nxe3) 19... a5 20. a3 $16) 18. Nf4 Qc7 (18...
Bd7 19. Nd5 $1 $18) 19. Rhe1 Bd7 20. Rxd7 Nxd7 21. Nxe6 $18) 17. Qd5+ Ne6 18.
Nf4 a5 (18... Kh8 19. Nxe6 Bxe6 20. Qxb7 a5 21. Qb6 Rab8 22. Qd4 $18) (18...
Rd8 19. Qc4 Rxd1+ 20. Rxd1 $18) 19. Rhe1 Ra6 (19... Rd8 20. Qc4 (20. Qxd8+ Nxd8
21. Re8+ Kg7 22. Rdxd8 Qc3 23. Nd5 $40) 20... Rxd1+ 21. Rxd1) 20. Bf1 $1 Rd8 (
20... Rc6 21. Bc4 Re8 22. Bb5 Rc5 23. Qxc5 Nxc5 24. Rxe8+ Kg7 25. Rxc8 $18) 21.
Bxa6 (21. Qxd8+ Nxd8 22. Bxa6 (22. Re8+ Kg7 23. Rdxd8 Rd6 $1 $8 24. Rxd6 Qxd6
25. Rxc8 Qd1+ 26. Kb2 Qxf1) 22... Nf7 $8 (22... bxa6 23. Re8+ Kg7 24. Rdxd8 $18
) 23. Re8+ Kg7 24. Bc4 Nd6 25. Rxd6 Qxd6 26. Rxc8 Qd1+ 27. Kb2 Qd4+ 28. c3 Qd2+
29. Ka3 Qd6+ 30. b4 $18) 21... Rxd5 22. Nxd5 Qf8 (22... Qf7 23. Bc4 b5 $8 24.
Bxb5 Qb7 25. Bd7 $1 $18) 23. Bxb7 $1 {Ftacnik,L} (23. Bc4 b5 24. Bxb5 Qc5 25.
Bc4 Kg7 $16) (23. Bxb7 Bxb7 24. Rxe6 Qc5 (24... Bc8 25. Re8 $1) 25. Re8+ Kf7
26. Re7+ Kf8 27. Rxb7 $18) 1-0